[Event "AUTO-INT-402"]
[Site "http://www.queenalice.com/game.php?id=318267"]
[Date "2007.12.11"]
[Round "2"]
[White "vanderson"]
[Black "schwam"]
[Result "0-1"]
[WhiteElo "1688"]
[BlackElo "2054"]

1. e4 e5 2. Nf3 Nc6 3. Bc4 Bc5 4. c3 Nf6 5. d4 exd4 6. cxd4 Bb4+ 7. Nc3 Nxe4 8.
Bd2 Bxc3 9. bxc3 d5 10. Bb3 Bg4 11. Qe2 O-O 12. Bd1 Re8 13. Be3 Nxc3 14. Qc2 Ne4
15. O-O Nb4 16. Qb3 a5 17. a3 Nc6 18. Qxb7 Qd6 19. Qb2 Rab8 20. Qc2 Rb6 21. g3
Reb8 22. Ne5 Bh3 23. Bf4 Nxd4 24. Nc4 Nxc2 25. Nxd6 Nxa1 26. Nxe4 Bxf1 27. Bxc7
dxe4 28. Bxb6 Rxb6 29. Kxf1 Rb1 30. Ke2 Nb3 31. h4 Nd4+ 32. Kd2 e3+ 33. fxe3 Nf5
34. Bc2 Rb5 35. a4 Rd5+ 36. Ke2 Nxg3+ 37. Kf3 Nh5 38. Ke4 Nf6+ 39. Kf4 Rc5 40.
Bd3 Rc3 41. Bb5 Nd5+ 42. Ke4 Nxe3 43. Kd4 Ra3 44. h5 Nf5+ 45. Ke4 Ng3+ 46. Kf4
Nxh5+ 47. Kg4 Nf6+ 48. Kf4 Rh3 49. Ke5 Rf3 50. Kd6 h5 51. Kc7 h4 52. Kb6 h3 53.
Kxa5 h2 54. Kb6 h1=Q 0-1

[Event "AUTO-INT-402"]
[Site "http://www.queenalice.com/game.php?id=318270"]
[Date "2007.12.11"]
[Round "2"]
[White "flvsnts"]
[Black "vanderson"]
[Result "1-0"]
[WhiteElo "1807"]
[BlackElo "1703"]

1. e4 e5 2. Nf3 Nc6 3. d4 exd4 4. Nxd4 Nxd4 5. Qxd4 c5 6. Qe5+ Ne7 7. Qxc5 Nc6
8. Qg5 Qxg5 9. Bxg5 d6 10. Nc3 f6 11. Bh4 a6 12. Nd5 Kf7 13. Nb6 Rb8 14. Nxc8
Rxc8 15. Bc4+ Ke7 16. f4 Nd4 17. Bd3 Nxc2+ 18. Bxc2 Rxc2 19. O-O Rxb2 20. Rae1
Kf7 21. e5 g5 22. fxg5 Kg6 23. Rxf6+ Kh5 24. Re4 Rg8 25. Be1 Kxg5 26. h4+ Kh5
27. exd6 Rbxg2+ 28. Kf1 Rg1+ 29. Ke2 R1g6 30. Rxg6 Rxg6 31. d7 Rd6 32. Bb4 Rxd7
33. Bxf8 b5 34. Be7 Rc7 35. Kf3 Rc3+ 36. Kf4 Kg6 37. Bg5 Rc2 38. Re6+ Kf7 39.
Rxa6 Rc4+ 40. Ke5 Rc5+ 41. Kd6 Rf5 42. Ra7+ Kg6 43. Ke6 Rxg5 44. hxg5 Kxg5 45.
Rxh7 b4 46. Rf7 b3 47. axb3 Kg6 48. Rf5 Kg7 49. Rf6 Kg8 50. Rf7 Kh8 51. Kf6 Kg8
52. Kg6 1-0

[Event "AUTO-INT-402"]
[Site "http://www.queenalice.com/game.php?id=318271"]
[Date "2007.12.11"]
[Round "2"]
[White "vanderson"]
[Black "flvsnts"]
[Result "0-1"]
[WhiteElo "1700"]
[BlackElo "1811"]

1. e4 e5 2. Nf3 Nc6 3. d4 exd4 4. Bc4 Be7 5. O-O Nf6 6. e5 Ng4 7. Nxd4 Ngxe5 8.
Bb3 Nxd4 9. Qxd4 Bf6 10. Qe4 O-O 11. Bf4 Re8 12. Bxe5 Bxe5 13. Qd5 Qf6 14. c3 c6
15. Qd3 d5 16. Bc2 g6 17. Nd2 Bf5 18. Ne4 Bxe4 19. Qd1 Bxc2 20. Qxc2 d4 21. cxd4
Bxd4 22. Rad1 Bxb2 23. Rb1 Bc3 24. Rb3 Ba5 25. Rf3 Qd4 26. Qb3 Re7 27. Rd3 Qb6
28. Qc4 Rae8 29. Rb3 Qc7 30. Qc1 Re1 31. Rxe1 Rxe1+ 32. Qxe1 Bxe1 33. Re3 Qa5
34. Kf1 Bd2 35. g3 Bxe3 36. fxe3 Qa6+ 37. Kg2 Qxa2+ 38. Kh3 h5 39. e4 g5 40. g4
Qe6 41. Kg3 Qxg4+ 42. Kf2 Qxe4 43. h3 f5 44. Kg3 Qe3+ 45. Kg2 f4 46. h4 g4 47.
Kh1 Qe2 48. Kg1 f3 0-1

[Event "AUTO-INT-402"]
[Site "http://www.queenalice.com/game.php?id=318272"]
[Date "2007.12.11"]
[Round "2"]
[White "Lightningzap007"]
[Black "vanderson"]
[Result "0-1"]
[WhiteElo "1521"]
[BlackElo "1691"]

1. e4 e5 2. Nf3 Nc6 3. d4 exd4 4. Bc4 Be7 5. O-O d6 6. Nxd4 Nf6 7. Re1 Bd7 8.
Nc3 O-O 9. Be3 Nxd4 10. Bxd4 Bg4 11. f3 Be6 12. Bxe6 fxe6 13. e5 dxe5 14. Bxe5
Nd5 15. Nxd5 exd5 16. Qd4 b6 17. Bxg7 Bc5 0-1

[Event "AUTO-INT-402"]
[Site "http://www.queenalice.com/game.php?id=318273"]
[Date "2007.12.11"]
[Round "2"]
[White "vanderson"]
[Black "Lightningzap007"]
[Result "0-1"]
[WhiteElo "1685"]
[BlackElo "1819"]

1. e4 d5 2. exd5 Nf6 3. d4 Bg4 4. Be2 Bxe2 5. Nxe2 Qxd5 6. O-O e6 7. Nbc3 Qh5 8.
h3 Bd6 9. Nb5 Qxb5 10. b3 a5 11. a4 Qd7 12. Nc3 c6 13. Bg5 Bc7 14. Bxf6 gxf6 15.
Re1 Qd6 16. d5 Qh2+ 17. Kf1 Qh1+ 18. Ke2 Qxg2 19. Kd2 Qxf2+ 20. Kc1 Bf4+ 21. Kb2
Be5 22. dxc6 Nxc6 23. Re2 Qc5 24. Qe1 Rc8 25. Re3 Nb4 26. Rd1 Nd5 27. Rxe5 fxe5
28. Qxe5 Qxc3+ 29. Qxc3 Nxc3 0-1

[Event "partida brilhante!yes"]
[Site "http://www.queenalice.com/game.php?id=320900"]
[Date "2007.12.16"]
[Round "-"]
[White "Kleber_Willian"]
[Black "vanderson"]
[Result "1-0"]
[WhiteElo "1645"]
[BlackElo "1703"]

1. e4 e5 2. Nf3 Nc6 3. d4 exd4 4. Nxd4 Nxd4 5. Qxd4 c5 6. Qd3 Be7 7. Nc3 a6 8.
Bf4 b6 9. Nd5 d6 10. e5 Be6 11. O-O-O Bxd5 12. Qxd5 dxe5 13. Bxe5 Nf6 14. Qxd8+
Rxd8 15. Bxa6 O-O 16. Bc7 Ra8 17. Bc4 b5 18. Bxb5 Rxa2 19. Rd7 Ra1+ 20. Kd2 Ne4+
21. Ke3 Rxh1 22. Kxe4 Re1+ 23. Kd5 Rd1+ 24. Kc6 Rxd7 25. Kxd7 Bf6 26. b3 Ra8 27.
Bb6 Bd4 28. Kd6 Bxf2 29. Bxc5 Bxc5+ 30. Kxc5 Rc8+ 31. Bc6 f6 32. c4 Kf8 33. Kd6
Rb8 34. Bb5 Kf7 35. Ba4 Rb6+ 36. Kd7 Re6 37. c5 Re2 38. c6 Rd2+ 39. Kc7 Ke7 40.
Kb7 Rd4 41. c7 Rb4+ 42. Kc6 Rg4 43. c8=Q Rxg2 44. Qd7+ 1-0

[Event "Challenge"]
[Site "http://www.queenalice.com/game.php?id=322579"]
[Date "2007.12.19"]
[Round "-"]
[White "emilio2100"]
[Black "vanderson"]
[Result "1-0"]
[WhiteElo "1944"]
[BlackElo "1704"]

1. d4 d5 2. c4 c6 3. Nf3 Nf6 4. Nc3 e6 5. Bg5 Be7 6. e3 O-O 7. Qc2 a6 8. Bd3
Nbd7 9. O-O h6 10. Bh4 b5 11. cxd5 Nxd5 12. Bxe7 Qxe7 13. Rfe1 N7f6 14. h3 c5
15. Ne4 c4 16. Nxf6+ Qxf6 17. Be4 Rb8 18. Bxd5 exd5 19. b3 Bf5 20. Qe2 Bd3 21.
Qd2 Be4 22. Ne5 Qg5 23. f3 Bf5 24. g4 Be6 25. f4 Qh4 26. Kg2 Rbc8 27. f5 Bxf5
28. gxf5 Qe4+ 29. Kh2 Qxf5 30. Rg1 c3 31. Qg2 g6 32. Ng4 Kg7 33. Ne5 Rc7 34.
Raf1 Qe6 35. Qc2 b4 36. Rf4 g5 37. h4 Rh8 38. h5 Kf8 39. Rf5 Kg7 40. Rgf1 Rf8
41. Ng4 Qe4 42. Qxe4 dxe4 43. Rf6 c2 44. Rc1 Rd8 45. Rxh6 a5 46. Rf6 Ra8 47. Rf5
Ra6 48. Rxg5+ Kf8 49. Rc5 Rac6 50. R1xc2 Rxc5 51. Rxc5 Ra7 52. h6 Ke7 53. Rc8
Kd7 54. Rg8 Ke6 55. h7 Kf5 56. h8=Q Ke6 57. Qe5+ Kd7 58. Nf6+ 1-0

[Event "Challenge"]
[Site "http://www.queenalice.com/game.php?id=353756"]
[Date "2008.2.13"]
[Round "-"]
[White "Feee"]
[Black "vanderson"]
[Result "0-1"]
[WhiteElo "1713"]
[BlackElo "1686"]

1. d4 d5 2. Nf3 Nf6 3. h3 Nc6 4. Bd2 e6 5. g3 Be7 6. Bg2 O-O 7. O-O Bd6 8. a3 e5
9. e3 Ne4 10. Nc3 Nxd2 11. Nxd2 Be6 12. Nxd5 exd4 13. e4 Qd7 14. c4 Bxh3 15. Re1
Bxg2 16. Kxg2 f5 17. b4 fxe4 18. Nxe4 Qf5 19. g4 Qf7 20. f3 Ne5 21. Ng5 Qg6 22.
Rxe5 Qh6 23. Qxd4 Bxe5 24. Qxe5 Rae8 25. Ne7+ Kh8 26. Rd1 Qf6 27. Qf5 Qb2+ 0-1

[Event "Challenge"]
[Site "http://www.queenalice.com/game.php?id=697428"]
[Date "2009.12.13"]
[Round "-"]
[White "vanderson"]
[Black "pcmvr"]
[Result "0-1"]
[WhiteElo "1765"]
[BlackElo "2119"]

1. e4 e6 2. Nf3 d5 3. e5 c5 4. d4 Ne7 5. dxc5 Nec6 6. Be3 Nd7 7. Bb5 Bxc5 8. Bg5
Qb6 9. Qe2 a6 10. Bxc6 Qxb2 11. Bxd7+ Bxd7 12. Qd1 Qxa1 13. O-O Qxa2 14. Nc3 Qc4
15. Nb1 Ba4 16. Nbd2 Bxc2 17. Nxc4 Bxd1 18. Nd6+ Bxd6 19. exd6 Bxf3 20. d7+ Kxd7
21. gxf3 Rhc8 22. Bf4 Rc4 23. Be3 a5 24. Ra1 a4 25. f4 b5 26. Bb6 b4 0-1

[Event "Challenge"]
[Site "http://www.queenalice.com/game.php?id=697429"]
[Date "2009.12.13"]
[Round "-"]
[White "pcmvr"]
[Black "vanderson"]
[Result "0-1"]
[WhiteElo "2172"]
[BlackElo "1777"]

1. b4 e5 2. Bb2 d6 3. c4 Nf6 4. Nc3 Bf5 5. d3 d5 6. cxd5 Nxd5 7. e4 Nxc3 8. Bxc3
Bg6 9. Nf3 Be7 10. Nxe5 Bf6 11. Qb3 Nd7 12. Nxg6 hxg6 13. d4 Qe7 14. e5 O-O-O
15. Bc4 Bg5 16. O-O f6 17. f4 Bh6 18. Rae1 fxe5 19. fxe5 Qh4 20. Rf3 Rdf8 21.
Bf7 Bf4 22. h3 Bg3 23. Ref1 g5 24. Be6 Rxf3 25. Rxf3 Be1 26. Rf7 Bxc3 27. Bxd7+
Kb8 28. Qxc3 Qh5 29. Be6 Qd1+ 0-1

[Event "AUTO-INT-1549"]
[Site "http://www.queenalice.com/game.php?id=698738"]
[Date "2009.12.16"]
[Round "1"]
[White "cristiane4"]
[Black "vanderson"]
[Result "0-1"]
[WhiteElo "1775"]
[BlackElo "1701"]

1. d4 d5 2. c4 e6 3. Nc3 Bb4 4. Bd2 Nf6 5. e3 Nc6 6. Nf3 O-O 7. Be2 Re8 8. O-O
Bxc3 9. bxc3 Ne4 10. cxd5 exd5 11. Rb1 b6 12. Bb5 Qd6 13. c4 Bg4 14. Bc1 Nc3 15.
Qc2 Bxf3 16. gxf3 Nxb5 17. cxb5 Na5 18. Bd2 Nc4 19. Bb4 Qf6 20. Kh1 Qxf3+ 21.
Kg1 Re6 22. Qd1 Rg6# 0-1

[Event "AUTO-INT-1549"]
[Site "http://www.queenalice.com/game.php?id=698739"]
[Date "2009.12.16"]
[Round "1"]
[White "vanderson"]
[Black "cristiane4"]
[Result "1-0"]
[WhiteElo "1743"]
[BlackElo "1896"]

1. e4 e5 2. Nf3 Nc6 3. d4 exd4 4. Bc4 Bb4+ 5. Bd2 Nf6 6. Bxb4 Nxb4 7. e5 Qe7 8.
O-O Ne4 9. a3 Nc6 10. Nxd4 O-O 11. Nxc6 bxc6 12. Qh5 d5 13. Bd3 g6 14. Qe2 Qxe5
15. Nc3 Re8 16. Rfe1 h5 17. Bxe4 dxe4 18. Nxe4 Bf5 19. Qd2 Rad8 20. Qb4 Rd4 21.
Nf6+ Qxf6 22. Rxe8+ Kh7 23. Qe7 Qxe7 24. Rxe7 Be6 25. Rxc7 Rg4 26. Rxa7 Bd5 27.
g3 h4 28. b3 h3 29. c4 Be6 30. Rc7 Kg7 31. Rxc6 Bf5 32. a4 Rd4 33. a5 Bc2 34.
Rb6 f5 35. a6 Be4 36. a7 f4 37. Rb8 fxg3 38. a8=Q Bxa8 39. Rbxa8 g2 40. c5 Rd3
41. Rb8 Rc3 42. b4 Kh6 43. Rb1 Kh5 44. Rc8 g5 45. c6 Kg4 46. c7 Rc2 47. b5 Kf3
48. Rf8+ Ke2 49. c8=Q Rxc8 50. Rxc8 Kf3 51. b6 g4 52. b7 g3 53. Rb3+ Kg4 54.
Rc4+ Kf5 55. Rb5+ Ke6 56. b8=Q gxf2+ 57. Kxf2 Kd7 58. Rc7+ Ke6 59. Qb6# 1-0

[Event "AUTO-INT-1549"]
[Site "http://www.queenalice.com/game.php?id=698752"]
[Date "2009.12.16"]
[Round "1"]
[White "jamsession"]
[Black "vanderson"]
[Result "0-1"]
[WhiteElo "1616"]
[BlackElo "1732"]

1. e4 e5 2. Nf3 Nc6 3. d4 exd4 4. Nxd4 Nxd4 5. Qxd4 c5 6. Qa4 a6 7. c3 b5 8. Qc2
Bb7 9. Bf4 Be7 10. Be2 Nf6 11. f3 O-O 12. Nd2 d5 13. O-O-O d4 14. cxd4 cxd4 15.
Qb3 Rc8+ 16. Kb1 Nd7 17. Bd3 Nc5 18. Qc2 Nxe4 19. Qxc8 Nxd2+ 20. Bxd2 Bxc8 21.
Rc1 Bg5 22. f4 Bf6 23. Rhe1 Re8 24. Rxe8+ Qxe8 25. Re1 Qd7 26. h3 g6 27. g4 Bb7
28. g5 Bg7 29. Bf1 Qf5+ 30. Kc1 Be4 31. Bb4 Qxf4+ 32. Bd2 Qf5 33. b3 Bb1 34. Kb2
Qc2+ 0-1

[Event "AUTO-INT-1549"]
[Site "http://www.queenalice.com/game.php?id=698753"]
[Date "2009.12.16"]
[Round "1"]
[White "vanderson"]
[Black "jamsession"]
[Result "1-0"]
[WhiteElo "1763"]
[BlackElo "1723"]

1. e4 e5 2. Nf3 d6 3. d4 exd4 4. Nxd4 Be7 5. Nc3 Nf6 6. Bc4 O-O 7. O-O Re8 8.
Re1 Bf8 9. Bg5 h6 10. Bh4 Be7 11. h3 a6 12. Qf3 Rf8 13. Bd3 g6 14. Bg3 Kg7 15.
Bf4 Nh5 16. Qe3 Nxf4 17. Qxf4 Bg5 18. Qf3 Bd2 19. Re2 Bxc3 20. bxc3 Nd7 21. Qg3
Ne5 22. f4 Nxd3 23. cxd3 c5 24. Nf3 Bd7 25. f5 Kh7 26. fxg6+ fxg6 27. Qxd6 Bb5
28. Qxc5 Qxd3 29. Qc7+ Qd7 30. Qxd7+ Bxd7 31. Rd1 Bb5 32. Red2 Rae8 33. e5 Bc6
34. Rd3 Re7 35. Re1 Bb5 36. Rde3 Bc4 37. Nd4 Bxa2 38. Nc2 Bd5 39. Nb4 Be6 40.
Nd3 b6 41. Nb4 a5 42. Nc6 Rd7 43. Nd4 Re7 44. Nf3 Kg7 45. Nd2 b5 46. Ne4 Rb8 47.
Nf6 a4 48. Rb1 Bc4 49. Re4 a3 50. Ra1 a2 51. Ng4 h5 52. Ne3 Be6 53. Rb4 Rbb7 54.
Nc2 Rec7 55. Rb2 Rxc3 56. Nd4 Bc4 57. e6 b4 58. Nc6 b3 59. e7 Kf7 60. Nd8+ Kxe7
61. Nxb7 Bd5 62. Na5 Kd6 63. Rd2 Kc5 64. Rb2 Kb4 65. Raxa2 Kc5 66. Ra3 Kb4 67.
Ra1 g5 68. Rd2 Rc5 69. Nxb3 Bxb3 70. Rb1 Kc3 71. Rc1+ Kb4 72. Rxc5 Kxc5 73. Rd3
Bd5 74. Rg3 1-0

[Event "AUTO-INT-1549"]
[Site "http://www.queenalice.com/game.php?id=698760"]
[Date "2009.12.16"]
[Round "1"]
[White "shmurtz91"]
[Black "vanderson"]
[Result "0-1"]
[WhiteElo "1613"]
[BlackElo "1720"]

1. e4 e5 2. Nc3 Nc6 3. Nf3 d6 4. Bb5 Bd7 5. Qe2 Be7 6. Nd5 Nf6 7. Ne3 O-O 8. d3
a6 9. Bc4 b5 10. Bd5 Nxd5 11. Nxd5 Bg4 12. c3 Rb8 13. h3 Bh5 14. g4 Bg6 15. h4
f6 16. g5 fxg5 17. Nxg5 Bxg5 18. Bxg5 Qd7 19. h5 Bf7 20. Nf6+ gxf6 21. Bxf6 Ne7
22. Rg1+ Ng6 23. Qe3 Qe6 24. Qg5 Be8 25. hxg6 Bxg6 26. Be7 Rf7 27. Bd8 d5 28.
O-O-O Qd6 29. Bxc7 Qxc7 30. exd5 Rbf8 31. Rh1 Rxf2 32. Rdg1 Qf7 33. Rxh7 Qxh7
34. Qxe5 Rf1+ 35. Rxf1 Rxf1+ 36. Kc2 Rf2+ 37. Kb3 Rf5 38. Qe6+ Qf7 39. Qc8+ Qf8
40. Qe6+ Qf7 41. Qc8+ Kg7 42. Qxa6 Qxd5+ 0-1

[Event "AUTO-INT-1549"]
[Site "http://www.queenalice.com/game.php?id=698761"]
[Date "2009.12.16"]
[Round "1"]
[White "vanderson"]
[Black "shmurtz91"]
[Result "1-0"]
[WhiteElo "1693"]
[BlackElo "1504"]

1. e4 e5 2. Nf3 Nc6 3. d4 exd4 4. Bc4 f6 5. Nxd4 Ne5 6. Bxg8 Rxg8 7. O-O d6 8.
Nc3 Be7 9. Qh5+ Nf7 10. Qxh7 Rf8 11. Qxg7 c6 12. Nce2 Qb6 13. b3 Bd7 14. Bb2
O-O-O 15. Nf4 Ng5 16. Qxe7 Rde8 17. Qxd6 Rxe4 18. Qxf8+ Kc7 19. Qxf6 Qc5 20.
Rfe1 Rxe1+ 21. Rxe1 Nh7 22. Qg7 Qa5 23. Qe5+ 1-0

[Event "AUTO-INT-1549"]
[Site "http://www.queenalice.com/game.php?id=773412"]
[Date "2010.5.10"]
[Round "2"]
[White "Barbudo"]
[Black "vanderson"]
[Result "0-1"]
[WhiteElo "1917"]
[BlackElo "1807"]

1. e4 e5 2. Nf3 Nc6 3. Bb5 Bd6 4. Bxc6 dxc6 5. O-O Nf6 6. d3 Bg4 7. Nbd2 O-O 8.
h3 Bh5 9. b3 c5 10. a4 b6 11. Qe1 a5 12. Qe3 Qd7 13. Nh4 Be7 14. Nf5 Bg6 15.
Nxe7+ Qxe7 16. Ba3 Nh5 17. Nf3 Nf4 18. c4 Rfd8 19. Rfd1 Rd7 20. Bb2 f6 21. Nh4
Bh5 22. Nf5 Qe6 23. Qg3 Ne2+ 24. Kh1 Nxg3+ 25. fxg3 Bxd1 26. Rxd1 Rad8 27. Kh2
Rxd3 28. Re1 Rd2 29. Bc3 Rc2 30. Re3 Qd7 31. Be1 Qd1 32. g4 Re2 33. Rxe2 Qxe2
34. Bg3 Rd2 35. Nh4 g5 36. Kh1 gxh4 0-1

[Event "AUTO-INT-1549"]
[Site "http://www.queenalice.com/game.php?id=773413"]
[Date "2010.5.10"]
[Round "2"]
[White "vanderson"]
[Black "Barbudo"]
[Result "0-1"]
[WhiteElo "1807"]
[BlackElo "1809"]

1. e4 e5 2. Nf3 Nc6 3. Nc3 Nf6 4. d4 exd4 5. Nxd4 Nxd4 6. Qxd4 c5 7. Qd1 Be7 8.
Bc4 O-O 9. O-O b6 10. Be3 Bb7 11. Bd3 d6 12. Bg5 Nd7 13. Bxe7 Qxe7 14. Re1 Qg5
15. Qf3 Ne5 16. Qh3 Bc8 17. Nd5 Bxh3 18. g3 Nf3+ 19. Kh1 Nxe1 20. Rxe1 Qg4 21.
Ne3 Qf3+ 22. Kg1 Rfe8 23. Bf1 Bxf1 24. Rxf1 Rxe4 25. c4 Rae8 26. b3 Rd4 27. h4
Rd2 28. a3 Rd3 0-1

[Event "AUTO-INT-1549"]
[Site "http://www.queenalice.com/game.php?id=773416"]
[Date "2010.5.10"]
[Round "2"]
[White "vanderson"]
[Black "alesson"]
[Result "1-0"]
[WhiteElo "1791"]
[BlackElo "1786"]

1. e4 e5 2. Nf3 Nc6 3. Nc3 Bb4 4. a3 Bxc3 5. bxc3 Nf6 6. d3 h6 7. d4 exd4 8. e5
Nd5 9. cxd4 Nc3 10. Qd3 Nd5 11. Be2 O-O 12. O-O Nf4 13. Bxf4 g5 14. Nxg5 hxg5
15. Qg3 Nxd4 16. Bd3 f6 17. exf6 Qxf6 18. Be5 Nf5 19. Bc4+ d5 20. Bxd5+ Be6 21.
Bxe6+ Qxe6 22. Qxg5+ Kf7 23. Qh5+ Ke7 24. Bxc7 Qc6 25. Rfe1+ Kd7 26. Qh7+ Kc8
27. Ba5 b6 28. Bb4 Nd6 29. Bxd6 Qxd6 30. Rad1 Qxa3 31. Qd7+ Kb8 32. Re7 Qxe7 33.
Qxe7 Rc8 34. Rd7 Rxc2 35. Rb7+ Kc8 36. Qd7# 1-0

[Event "AUTO-INT-1549"]
[Site "http://www.queenalice.com/game.php?id=773417"]
[Date "2010.5.10"]
[Round "2"]
[White "alesson"]
[Black "vanderson"]
[Result "0-1"]
[WhiteElo "1733"]
[BlackElo "1835"]

1. e4 e5 2. Qh5 Nc6 3. Bb5 Nf6 4. Qf3 Nd4 5. Qd3 c6 6. Bc4 b5 7. Bb3 c5 8. c4
bxc4 9. Qxc4 Nxb3 10. Qxb3 Nxe4 11. d3 Qa5+ 12. Nc3 Nxc3 13. Qxc3 Qxc3+ 14. bxc3
Bb7 15. f3 Be7 16. Ne2 O-O 17. d4 exd4 18. cxd4 cxd4 19. Nxd4 Bf6 20. Bb2 Rfe8+
21. Kf2 Rab8 22. Rab1 Bd5 23. Nb3 Bxb3 24. Bxf6 Bxa2 25. Rxb8 Rxb8 26. Be5 Rc8
27. Ra1 Rc2+ 28. Kg3 a6 29. Kh3 Bc4 30. Ra4 Bb5 31. Ra3 Rd2 32. Bf4 Rd1 33. Kh4
d5 34. Rc3 h6 35. Rc8+ Kh7 36. Bd6 d4 37. Bb8 d3 38. Rd8 Rc1 39. Kg4 Rc2 40. Bf4
Rc4 41. Kg3 Rc6 42. h4 Re6 43. Bd2 Re7 44. Rd5 Rd7 45. Rxd7 Bxd7 46. Kf2 Kg6 47.
g4 h5 48. g5 Kf5 49. Ke3 Bb5 50. Be1 g6 51. Kf2 f6 52. gxf6 Kxf6 53. Kg3 Kf5 54.
Bc3 g5 55. Bd2 gxh4+ 56. Kxh4 Be8 57. f4 a5 58. Bxa5 Kxf4 59. Kh3 Ke3 60. Kg3 d2
61. Bxd2+ Kxd2 62. Kh4 Ke3 63. Kg3 Ke4 64. Kh4 Kf5 0-1

[Event "Challenge"]
[Site "http://www.queenalice.com/game.php?id=804602"]
[Date "2010.7.17"]
[Round "-"]
[White "emilio2100"]
[Black "vanderson"]
[Result "1-0"]
[WhiteElo "2022"]
[BlackElo "1847"]

1. d4 d5 2. c4 c6 3. Nf3 Bf5 4. Nc3 Nf6 5. cxd5 cxd5 6. Qb3 b6 7. Bf4 e6 8. e3
Be7 9. Qa4+ Nbd7 10. Bb5 O-O 11. Bxd7 Nxd7 12. O-O Bg4 13. Ne5 Nxe5 14. Bxe5 Bf6
15. Bxf6 Qxf6 16. e4 Qg6 17. f3 Bh5 18. exd5 exd5 19. Nxd5 Qd6 20. Nc3 a6 21.
Ne4 Qd5 22. Nc3 Qd6 23. Rae1 b5 24. Qd1 Bg6 25. d5 Rac8 26. Re2 Rfd8 27. Rfe1 f6
28. Re6 Qc5+ 29. Kh1 b4 30. Na4 Qf2 31. R6e2 Qh4 32. d6 Bc2 33. Qd5+ Kf8 34. Nb6
Rb8 35. Re8+ Rxe8 36. Nd7# 1-0

[Event "Challenge"]
[Site "http://www.queenalice.com/game.php?id=806484"]
[Date "2010.7.21"]
[Round "-"]
[White "ORNELAS"]
[Black "vanderson"]
[Result "0-1"]
[WhiteElo "1638"]
[BlackElo "1827"]

1. b3 e5 2. g3 Nc6 3. Bg2 Nf6 4. Bb2 d6 5. d3 Be7 6. Nf3 O-O 7. Nbd2 Bf5 8. Ng5
Ng4 9. Ndf3 Bxg5 10. Bc1 Bxc1 11. Qxc1 Qd7 12. O-O Nf6 13. Nh4 Bh3 14. e4 Bxg2
15. Kxg2 Nd4 16. Qd2 Qg4 17. c3 Nc6 18. h3 Qd7 19. Nf5 Ne7 20. Nxg7 Kxg7 21.
Qg5+ Ng6 22. h4 Qg4 23. Qxg4 Nxg4 24. a4 Ne7 25. Kh3 Nf6 0-1

[Event "Challenge"]
[Site "http://www.queenalice.com/game.php?id=819561"]
[Date "2010.8.17"]
[Round "-"]
[White "vanderson"]
[Black "emilio2100"]
[Result "0-1"]
[WhiteElo "1838"]
[BlackElo "2095"]

1. e4 d5 2. exd5 Nf6 3. d4 Nxd5 4. Nf3 e6 5. Bc4 c5 6. O-O Be7 7. Bxd5 exd5 8.
Re1 Bg4 9. dxc5 O-O 10. h3 Bh5 11. Be3 Nc6 12. Nbd2 d4 13. Bf4 Bxc5 14. Qc1 Nb4
15. a3 Nd5 16. Bg3 Qf6 17. Re5 Bxf3 18. Nxf3 Qc6 19. Qd2 f6 20. Re2 Qb5 21. b4
Nc3 22. Ree1 Bb6 23. Bd6 Rfe8 24. a4 Qc4 25. a5 Bc7 26. Bxc7 Qxc7 27. Qd3 Rad8
28. Kh1 Rxe1+ 29. Rxe1 Qd6 30. Nd2 Qxb4 31. Nb3 Nd5 32. Rb1 Nc3 33. Rc1 a6 34.
Qf5 Qe7 35. Qf3 Qb4 0-1

[Event "Challenge"]
[Site "http://www.queenalice.com/game.php?id=850641"]
[Date "2010.10.26"]
[Round "-"]
[White "emilio2100"]
[Black "vanderson"]
[Result "1-0"]
[WhiteElo "2020"]
[BlackElo "1823"]

1. e4 e5 2. Nf3 Nc6 3. Bc4 Be7 4. d4 exd4 5. Nxd4 Nxd4 6. Qxd4 Nf6 7. O-O c5 8.
Qd3 O-O 9. Nc3 Ng4 10. Qg3 g6 11. Bxf7+ Rxf7 12. Qxg4 d5 13. Qe2 d4 14. Nd5 Be6
15. Nxe7+ Qxe7 16. f4 Raf8 17. Qd3 Bd7 18. Bd2 Bc6 19. Rae1 Qh4 20. Qc4 b6 21.
a4 Kg7 22. b4 Re8 23. bxc5 bxc5 24. Qxc5 Rc8 25. Qxd4+ Kg8 26. Bc3 Rfc7 27. g3
Qh3 28. f5 Rd7 29. Qh8+ Kf7 30. Qxc8 Bxa4 31. Qc4+ Ke7 32. f6+ Kd8 33. Ba5+ 1-0

[Event "Challenge"]
[Site "http://www.queenalice.com/game.php?id=850642"]
[Date "2010.10.26"]
[Round "-"]
[White "vanderson"]
[Black "emilio2100"]
[Result "0-1"]
[WhiteElo "1832"]
[BlackElo "1998"]

1. e4 d5 2. exd5 e6 3. d4 Qxd5 4. Nc3 Bb4 5. Nf3 Bxc3+ 6. bxc3 Nf6 7. Be2 O-O 8.
O-O Nc6 9. c4 Qd8 10. Bg5 h6 11. Bh4 g5 12. Bg3 Ne4 13. Qd3 f5 14. Be5 g4 15.
Nd2 Nxe5 16. Qe3 Nxd2 17. Qxd2 Nf7 18. f3 b6 19. Rfe1 Qg5 20. Qb4 Qe3+ 21. Kh1
Qxd4 22. fxg4 fxg4 23. Rad1 Qg7 24. Rd3 Ne5 25. Rg3 Bb7 26. c5 h5 27. h3 h4 28.
Re3 gxh3 0-1